00632 2200229 4500001002100000005001500021035002000036245005300056100002900109250001400138300004400152700003000196264003900226336002100265337002000286338002200306082001200328084001800340020001800358600001300376990001300389INLIS00000000000205820240814090949 a0010-08240001521 aMaaf Tuhan, Aku Hampir Menyerah /cAlfialghazali0 aAlfialghazaliePengarang aCetakan 8 aix, 246 halaman :bIlustrasi ;c20,5 cm0 aTatep MulydinePenyunting aJawa Barat :bMagenta Media,c2021 2rdacontentaTeks 2rdamediaaCetak 2rdacarrieraCetak a297.261 a297.261 ALF m a297.261 ALF m 4aMotivasi a24000158